000 00774nam a2200205 4500
001 167855
003 ES-MaACL
005 20251003063149.0
008 950302s1841 fr |||| | fre d
040 _aEUS
_bspa
_cEUS
100 1 _aWalter, Ferdinand,
_d1794-1879
_9133878
245 1 0 _aHistoire de la procédure civile chez les romains /
_cpar Ferdinand Walter ; traduite de l'allemand par Edouard Laboulaye.
260 _aParis :
_bA. Durand :
_bJoubert,
_c1841 (
_eBatignolles-Monceaux :
_fImprimerie d'Auguste Desrez)
300 _aXXXII, 138 p. ;
_c22 cm.
650 0 7 _aDerecho romano
_2embne
_911764
700 1 _aLaboulaye, Édouard (
_d1811-1883)
_969262
852 _aES-MaACL
_jB-5984
_z-- Enc. hol.
999 _c167855
_d167855